Polyfunkčná výšková budova

Gespeichert in:
Bibliographische Detailangaben
1. Verfasser: Poľačko, Maroš (Verfasst von)
Weitere Verfasser: Chmúrny, Ivan (Betreuung Doktorarbeit)
Format: Manuskript Buch
Sprache:Slowakisch
Veröffentlicht: 2015
Schlagworte:
Online-Zugang:http://is.stuba.sk/zp/portal_zp.pl?podrobnosti=110203
https://opac.crzp.sk/?fn=detailBiblioForm&sid=E75B5E22D326BA6A9EA590CFFF20
Tags: Tag hinzufügen
Keine Tags, Fügen Sie das erste Tag hinzu!

MARC

LEADER 00000ntm a22000003a 4500
001 stuzp51141
003 SK-STU
005 20231108144955.1
007 ta
008 150427s2015----xo-----f-mn---000-0-slo-d
040 |a STU  |b slo 
041 0 |a slo 
100 1 |a Poľačko, Maroš  |u 010180  |4 aut  |U SvF Stavebná fakulta  |T SvF Katedra konštrukcií pozemných stavieb  |X 67592  |U V180  |Y 18  |7 A000067592 
242 0 1 |a Multifunctional high-rise building  |y eng 
245 1 0 |a Polyfunkčná výšková budova 
260 |c 2015 
650 4 |a výšková budova  |2 slo 
650 4 |a fotovoltika  |2 slo 
650 4 |a byt  |2 slo 
650 4 |a photovoltaics  |2 eng 
650 4 |a flat  |2 eng 
650 4 |a high-rise  |2 eng 
700 1 |a Chmúrny, Ivan  |4 ths  |X 865  |7 A000000865 
856 4 |u http://is.stuba.sk/zp/portal_zp.pl?podrobnosti=110203 
856 4 |u https://opac.crzp.sk/?fn=detailBiblioForm&sid=E75B5E22D326BA6A9EA590CFFF20 
SQL |a stuzp51141  |b DDP  |c SLO  |d Polyfunkčná výšková budova  |e 67592  |f Poľačko, Maroš  |g 010180  |h 865  |i Chmúrny, Ivan  |j 20150618  |k 8  |l 01  |m http://is.stuba.sk/zp/portal_zp.pl?podrobnosti=110203  |n I-AKP  |o 5.1.4. pozemné stavby